[Event "Lichtenberger Sommer 2016"]
[Site "?"]
[Date "2016.08.13"]
[Round "1.26"]
[White "Wolff, Marie Antoinette"]
[Black "Pluska, Alexander"]
[Result "0-1"]
[WhiteElo "1770"]
[BlackElo "2116"]
[PlyCount "94"]
[EventDate "2016.??.??"]
[WhiteTeam "Leegebrucher SF"]
[BlackTeam "SK Doppelbauer Kiel"]

1. c4 e5 2. Nc3 Nf6 3. g3 c6 4. Bg2 Bb4 5. Nf3 e4 6. Nd4 Bxc3 7. bxc3 O-O 8.
O-O c5 9. Nb3 d6 10. d3 Re8 11. Bg5 h6 12. Bxf6 Qxf6 13. Bxe4 Qxc3 14. Qe1 Qxe1
15. Rfxe1 Nc6 16. Rab1 Bd7 17. e3 Rab8 18. a3 b6 19. Bg2 Ne5 20. Nc1 b5 21. f4
Ng4 22. cxb5 Nxe3 23. a4 Nxg2 24. Rxe8+ Bxe8 25. Kxg2 a6 26. Kf2 axb5 27. axb5
Rxb5 28. Rxb5 Bxb5 29. Ke3 Kf8 30. Ne2 Ke7 31. Nc3 Bc6 32. d4 Ke6 33. f5+ Kxf5
34. d5 Bb7 35. Kd3 Ke5 36. Kc4 Ba6+ 37. Kb3 Kd4 38. Kc2 Bc4 39. Kd2 Bxd5 40.
Ne2+ Ke5 41. Ke3 Be4 42. Nc3 d5 43. Na4 d4+ 44. Kd2 c4 45. Nc5 Kd5 46. Na4 c3+
47. Kc1 Kc6 0-1

[Event "Lichtenberger Sommer 2016"]
[Site "?"]
[Date "2016.08.13"]
[Round "1.27"]
[White "George, Tom"]
[Black "Bandsom, Olaf"]
[Result "1-0"]
[WhiteElo "2044"]
[BlackElo "1812"]
[PlyCount "54"]
[EventDate "2016.??.??"]
[WhiteTeam "SG Stadtilm"]
[BlackTeam "SC Friesen Lichtenberg"]

1. e4 e5 2. Nf3 Nc6 3. Bc4 Bc5 4. c3 Nf6 5. d4 exd4 6. O-O O-O 7. cxd4 Be7 8.
e5 Ne8 9. d5 Na5 10. Be2 b6 11. Nc3 d6 12. b4 Nb7 13. Nd4 dxe5 14. Nc6 Qd7 15.
Nxe5 Qf5 16. Nc6 Bf6 17. Bd3 Qd7 18. Qc2 g6 19. Bh6 Ng7 20. Rac1 Nd6 21. f3 Re8
22. Ne4 Nxe4 23. fxe4 Be5 24. Nxe5 Rxe5 25. Qxc7 Rh5 26. Be3 Qe8 27. Bb5 Qf8
1-0

[Event "Lichtenberger Sommer 2016"]
[Site "?"]
[Date "2016.08.13"]
[Round "1.28"]
[White "Petersen, Moritz"]
[Black "Hermannsdörfer, Frank"]
[Result "0-1"]
[WhiteElo "1729"]
[BlackElo "2188"]
[PlyCount "106"]
[EventDate "2016.??.??"]
[WhiteTeam "SV Rüdersdorf"]
[BlackTeam "SV Liebschwitz"]

1. d4 d6 2. g3 Nf6 3. Bg2 c6 4. Nf3 Bf5 5. b3 Qa5+ 6. Nbd2 Qc3 7. Ba3 Qxc2 8.
Qxc2 Bxc2 9. Rc1 Bf5 10. Nh4 Bg6 11. Nxg6 hxg6 12. Nc4 Rh5 13. b4 b6 14. Bf3
Rb5 15. O-O a5 16. bxa5 d5 17. Nxb6 Rxb6 18. axb6 Rxa3 19. Rc2 e6 20. Rb1 Nfd7
21. e3 Kd8 22. Be2 Ra5 23. b7 Ra7 24. Bd3 Kc7 25. Rcb2 Ba3 26. Rb3 Bd6 27. R3b2
c5 28. dxc5 Nxc5 29. Bb5 Rxb7 30. Be8 Rxb2 31. Rxb2 f6 32. Bxg6 Nc6 33. Rb1 Ne5
34. Bc2 Nc4 35. Bb3 Nd2 36. Rb2 Ncxb3 37. axb3 Bb4 38. Ra2 Kb6 39. Ra8 e5 40.
Rb8+ Kc5 41. Rg8 g5 42. Rf8 d4 43. exd4+ exd4 44. Rxf6 d3 45. Rf5+ Kd4 46. Rf7
Kc3 47. h4 g4 48. Kg2 Bc5 49. h5 Nf3 50. Rd7 d2 51. Rd6 Nd4 52. h6 d1=Q 53. h7
Qf3+ 0-1

[Event "Lichtenberger Sommer 2016"]
[Site "?"]
[Date "2016.08.13"]
[Round "1.29"]
[White "Jaeschke, Jens-Uwe"]
[Black "Ziems, Michael"]
[Result "1/2-1/2"]
[WhiteElo "2144"]
[BlackElo "1802"]
[PlyCount "107"]
[EventDate "2016.??.??"]
[WhiteTeam "SF Nordost Berlin"]
[BlackTeam "SV Empor Berlin"]

1. d4 e6 2. c4 d5 3. Nc3 Nf6 4. cxd5 exd5 5. Bg5 Be7 6. Qc2 c6 7. e3 Ng4 8.
Bxe7 Qxe7 9. Nxd5 Qd6 10. Nc3 O-O 11. Nf3 Nd7 12. Bd3 Qh6 13. h3 Ngf6 14. O-O-O
Nb6 15. Ne5 g6 16. Kb1 Nbd5 17. a3 a5 18. Ne4 Nd7 19. Nxd7 Bxd7 20. Nc5 Bc8 21.
e4 Nc7 22. Rhe1 Nb5 23. Bxb5 cxb5 24. Qd2 Qg7 25. g4 b6 26. Nb3 b4 27. axb4 a4
28. Na1 Ba6 29. Rc1 Rfd8 30. Red1 a3 31. bxa3 Bb5 32. Qb2 Qf6 33. Rc3 Qf4 34.
Re3 Rdc8 35. Rc1 Rxc1+ 36. Kxc1 Qh2 37. Qd2 Qf4 38. Kb2 Re8 39. Qc2 Rd8 40. Nb3
Ba4 41. Qd2 Re8 42. Qe2 Qd6 43. Qc4 Qf6 44. Qe2 Qd6 45. Qa6 Bxb3 46. Kxb3 Qxd4
47. Qd3 Qf6 48. Rf3 Qa1 49. Re3 Ra8 50. Kc4 Qc1+ 51. Kb5 Rc8 52. Qd5 Qf1+ 53.
Kxb6 Qxf2 54. Qb3 1/2-1/2

[Event "Lichtenberger Sommer 2016"]
[Site "?"]
[Date "2016.08.13"]
[Round "1.30"]
[White "Glienke, Michael"]
[Black "Kohler, Thomas"]
[Result "1/2-1/2"]
[WhiteElo "1779"]
[BlackElo "2184"]
[PlyCount "50"]
[EventDate "2016.??.??"]
[WhiteTeam "SC Kreuzberg"]
[BlackTeam "SC Zitadelle Spandau"]

1. d4 Nf6 2. Bf4 d6 3. c4 g6 4. Nc3 Bg7 5. e3 O-O 6. Nf3 c6 7. Be2 a6 8. h3 b5
9. O-O Nbd7 10. Rc1 Bb7 11. b4 bxc4 12. Bxc4 a5 13. b5 c5 14. dxc5 Nxc5 15. Nd5
Nfe4 16. Ng5 e6 17. Nxe4 Nxe4 18. Nc7 Qxc7 19. Bxe6 Nc3 20. Bxd6 Qb6 21. Rxc3
Bxc3 22. Bxf8 Qxe6 23. Qc2 Rc8 24. Ba3 Bb4 25. Qb2 Qe4 1/2-1/2

[Event "Lichtenberger Sommer 2016"]
[Site "?"]
[Date "2016.08.13"]
[Round "1.31"]
[White "Böhm, Jürgen"]
[Black "Kohlmeyer, Dagobert"]
[Result "1-0"]
[WhiteElo "2168"]
[BlackElo "1877"]
[PlyCount "78"]
[EventDate "2016.??.??"]
[WhiteTeam "SF Brackel"]
[BlackTeam "SC Rochade (Berlin)"]

1. d4 Nf6 2. Bg5 e6 3. e4 Be7 4. Nc3 d6 5. Nf3 O-O 6. Bd3 Nbd7 7. Qe2 e5 8.
dxe5 Nxe5 9. Nxe5 dxe5 10. O-O c6 11. h3 h6 12. Be3 Be6 13. a4 Qc7 14. Bc4 Qc8
15. a5 Bb4 16. Ra4 Bxc4 17. Qxc4 Be7 18. Rd1 Rd8 19. Raa1 Rxd1+ 20. Rxd1 Qc7
21. b4 b6 22. a6 Rc8 23. f3 b5 24. Qb3 Qb8 25. Kh2 Bd8 26. Rd3 Bb6 27. Nd1 Bxe3
28. Nxe3 Qb6 29. Nf5 Rf8 30. Rd6 Nh5 31. Rxc6 Qf2 32. Qe3 Qf1 33. Qc5 Rd8 34.
Rc8 Qd1 35. Rxd8+ Qxd8 36. Qc8 Qxc8 37. Ne7+ Kf8 38. Nxc8 Nf4 39. Nxa7 Ne6 1-0

[Event "Lichtenberger Sommer 2016"]
[Site "?"]
[Date "2016.08.13"]
[Round "1.32"]
[White "Schiering, Manfred"]
[Black "Gaerths, Ronny"]
[Result "0-1"]
[WhiteElo "1671"]
[BlackElo "2169"]
[PlyCount "73"]
[EventDate "2016.??.??"]
[WhiteTeam "vereinslos"]
[BlackTeam "SG TT/Wiheil (FV Schach)"]

1. c4 b6 2. Nf3 Bb7 3. e3 e6 4. Be2 f5 5. Nc3 Nf6 6. d4 Bb4 7. Bd2 O-O 8. O-O
a5 9. a3 Bxc3 10. Bxc3 Ne4 11. Rc1 d6 12. Nd2 Nd7 13. Nxe4 fxe4 14. Bg4 Qe7 15.
h4 Nf6 16. Bh3 d5 17. Qe2 Ba6 18. Rfe1 Bxc4 19. Qd1 Ne8 20. b3 Bd3 21. Qd2 Nd6
22. Bb2 a4 23. Rc6 axb3 24. Rec1 Bc4 25. Qb4 Ra7 26. g3 Qf7 27. Qd2 Bb5 28.
R1c3 Bxc6 29. Rxc6 Ra4 30. Rc1 Rc4 31. Rxc4 Nxc4 32. Qe2 c6 33. Bg2 Qxf2+ 34.
Qxf2 Rxf2 35. Kxf2 Nxb2 36. Ke2 Nc4 37. Kd1 0-1

[Event "Lichtenberger Sommer 2016"]
[Site "?"]
[Date "2016.08.13"]
[Round "1.33"]
[White "Krefenstein, Sergej"]
[Black "Casny, Guenter"]
[Result "1-0"]
[WhiteElo "2187"]
[BlackElo "1862"]
[PlyCount "87"]
[EventDate "2016.??.??"]
[WhiteTeam "TuS Makkabi Berlin"]
[BlackTeam "SC Rochade (Berlin)"]

1. e4 e5 2. Nf3 Nc6 3. d4 exd4 4. Nxd4 Nf6 5. Nxc6 bxc6 6. e5 Nd5 7. c4 Bb4+ 8.
Bd2 Bxd2+ 9. Qxd2 Ne7 10. Nc3 O-O 11. Be2 d5 12. exd6 cxd6 13. Rd1 d5 14. O-O
Be6 15. cxd5 Nxd5 16. Bf3 Rb8 17. b3 Nb4 18. Qf4 Qa5 19. Rd2 Nd5 20. Bxd5 cxd5
21. Ne2 Rbc8 22. Rfd1 Rfd8 23. Nd4 Qb6 24. h4 h6 25. Rd3 Qd6 26. Qxd6 Rxd6 27.
Kf1 g6 28. Ke2 Kg7 29. Kd2 Ra6 30. a4 g5 31. hxg5 hxg5 32. Rh1 Rb6 33. Rc3 Rh8
34. Rxh8 Kxh8 35. Rc7 a6 36. a5 Rd6 37. Rc6 Rxc6 38. Nxc6 Kg7 39. Kd3 Bd7 40.
Nb4 Bb5+ 41. Kd4 Bf1 42. g3 Kf6 43. Nxd5+ Kf5 44. Ne3+ 1-0

[Event "Lichtenberger Sommer 2016"]
[Site "?"]
[Date "2016.08.13"]
[Round "1.34"]
[White "Wallmann, Bodo"]
[Black "Barath M"]
[Result "0-1"]
[WhiteElo "1841"]
[BlackElo "2107"]
[PlyCount "66"]
[EventDate "2016.??.??"]
[WhiteTeam "SC Kreuzberg"]
[BlackTeam "SC Zugzwang 95 (Berlin)"]

1. d4 Nf6 2. Nf3 e6 3. e3 b6 4. Bd3 Bb7 5. Nbd2 c5 6. c3 d5 7. O-O Be7 8. Qe2
Nc6 9. dxc5 bxc5 10. e4 O-O 11. e5 Nd7 12. Re1 Re8 13. Nf1 f6 14. exf6 Bxf6 15.
Bc2 e5 16. Qd3 Nf8 17. Qb5 Qb6 18. Qxb6 axb6 19. Ng3 g6 20. h3 b5 21. Bd2 e4
22. Nh2 h5 23. Ngf1 Ne5 24. Be3 Ne6 25. Red1 Nc4 26. Rab1 d4 27. cxd4 cxd4 28.
Bc1 Rxa2 29. Bb3 Raa8 30. Nd2 Bd5 31. Bxc4 bxc4 32. Ndf1 Rad8 33. Bd2 c3 0-1

[Event "Lichtenberger Sommer 2016"]
[Site "?"]
[Date "2016.08.13"]
[Round "1.35"]
[White "Amelang, Thomas"]
[Black "Radjenovic, Branko"]
[Result "1-0"]
[WhiteElo "2169"]
[BlackElo "1802"]
[PlyCount "117"]
[EventDate "2016.??.??"]
[WhiteTeam "SK Siemens München"]
[BlackTeam "SK Dragojle Babic (Berlin)"]

1. e4 Nf6 2. e5 Nd5 3. d4 d6 4. Bc4 Nb6 5. Bb3 dxe5 6. Qf3 e6 7. dxe5 Nc6 8.
Bf4 Nd4 9. Qd3 Be7 10. Nf3 Nxb3 11. Qxb3 Qd5 12. Nc3 Qxb3 13. axb3 O-O 14. O-O
a6 15. Rfd1 Bd7 16. Be3 Rfd8 17. Bg5 Bxg5 18. Nxg5 Bc6 19. Nge4 Kf8 20. f3 Ke7
21. Kf2 Rd7 22. Nc5 Rxd1 23. Rxd1 Nd7 24. Nxd7 Bxd7 25. Ke3 b6 26. Rd4 Rc8 27.
Rc4 f5 28. exf6+ gxf6 29. Rh4 Rh8 30. Ne2 e5 31. Ng3 f5 32. f4 e4 33. Rh6 Be6
34. Ne2 Bf7 35. Nd4 Bg6 36. g4 fxg4 37. f5 Be8 38. Kxe4 Bd7 39. Ke5 Kf7 40. Ne6
Bxe6 41. Rf6+ Kg7 42. Rxe6 Rf8 43. Kf4 h5 44. Kg5 Rf7 45. Rc6 Kf8 46. Rh6 Ke7
47. Rxh5 Rg7+ 48. Kf4 a5 49. Rh4 Kf6 50. Rxg4 Rh7 51. Rg6+ Kf7 52. Rc6 Ke8 53.
Re6+ Kd7 54. Re2 b5 55. f6 a4 56. bxa4 bxa4 57. Re7+ Rxe7 58. fxe7 Kxe7 59. Ke4
1-0

[Event "Lichtenberger Sommer 2016"]
[Site "?"]
[Date "2016.08.13"]
[Round "1.36"]
[White "Stiemerling, Andreas"]
[Black "Moser, Axel"]
[Result "1/2-1/2"]
[WhiteElo "1752"]
[BlackElo "2137"]
[PlyCount "62"]
[EventDate "2016.??.??"]
[WhiteTeam "SSV Rotation Berlin"]
[BlackTeam "SK Handschuhsheim"]

1. c4 e5 2. Nc3 Nc6 3. Nf3 g6 4. g3 Bg7 5. Bg2 d6 6. d3 f5 7. Nd5 Nf6 8. Bg5 h6
9. Bxf6 Bxf6 10. Nxf6+ Qxf6 11. Qc2 Bd7 12. a3 g5 13. e3 O-O-O 14. O-O-O Kb8
15. Nd2 g4 16. Qb3 Rhf8 17. Rhf1 h5 18. Kb1 h4 19. Ka1 Rh8 20. Rh1 h3 21. Bd5
Ka8 22. Rhf1 Rb8 23. Qc3 Ne7 24. Bh1 c6 25. f4 gxf3 26. Nxf3 Qh6 27. Rde1 Rbc8
28. c5 Nd5 29. Qc1 e4 30. dxe4 fxe4 31. Nh4 Rhe8 1/2-1/2

[Event "Lichtenberger Sommer 2016"]
[Site "?"]
[Date "2016.08.13"]
[Round "1.37"]
[White "Hansch, Stephan"]
[Black "Kretzschmar, Jan"]
[Result "1-0"]
[WhiteElo "2126"]
[BlackElo "1808"]
[PlyCount "75"]
[EventDate "2016.??.??"]
[WhiteTeam "SC Empor Potsdam"]
[BlackTeam "SC Kreuzberg"]

1. d4 Nf6 2. Nf3 d5 3. c4 e6 4. g3 Be7 5. Bg2 O-O 6. O-O Nbd7 7. Qc2 c6 8. Nbd2
Re8 9. e4 dxe4 10. Nxe4 Nxe4 11. Qxe4 Bf6 12. Ne5 Nf8 13. Bf4 a5 14. Rfd1 Bd7
15. c5 Bxe5 16. dxe5 f5 17. exf6 Qxf6 18. Be5 Qf5 19. g4 Qxe4 20. Bxe4 Re7 21.
h4 Be8 22. h5 Nd7 23. Bd6 Rf7 24. g5 e5 25. Bxh7+ Kxh7 26. g6+ Kh6 27. gxf7
Bxf7 28. Be7 Bd5 29. Rd3 Re8 30. Bd6 Re6 31. Rg3 b6 32. Rg6+ Rxg6+ 33. hxg6
bxc5 34. a4 Bb3 35. Bc7 c4 36. Bxa5 Nc5 37. Bc3 Bxa4 38. Bb4 1-0

[Event "Lichtenberger Sommer 2016"]
[Site "?"]
[Date "2016.08.13"]
[Round "1.38"]
[White "Korell, Klaus-Peter"]
[Black "Möller, Dustin"]
[Result "0-1"]
[WhiteElo "1875"]
[BlackElo "1985"]
[PlyCount "60"]
[EventDate "2016.??.??"]
[WhiteTeam "SG TT/Wiheil (FV Schach)"]
[BlackTeam "Eckernförder SC"]

1. d4 d5 2. c4 e6 3. Nf3 Nf6 4. e3 c6 5. Bd3 Nbd7 6. Qc2 dxc4 7. Bxc4 b5 8. Bd3
Bb7 9. Bd2 b4 10. a3 a5 11. axb4 axb4 12. Rxa8 Qxa8 13. O-O c5 14. Ne1 cxd4 15.
exd4 Bd6 16. f3 O-O 17. Bg5 Rc8 18. Qe2 Qa7 19. Qf2 Bc7 20. Qh4 Bb6 21. Be3 e5
22. Nd2 exd4 23. Bf2 Ne5 24. Nb3 Nxd3 25. Nxd3 Qa2 26. Nbc1 Qc4 27. Ne5 Qxc1
28. Rxc1 Rxc1+ 29. Be1 d3+ 30. Kf1 Ba6 0-1

[Event "Lichtenberger Sommer 2016"]
[Site "?"]
[Date "2016.08.13"]
[Round "1.39"]
[White "Nötzel, Felix"]
[Black "Rehmsmeier, Marc"]
[Result "1-0"]
[WhiteElo "2212"]
[BlackElo "1686"]
[PlyCount "67"]
[EventDate "2016.??.??"]
[WhiteTeam "SF 1903 Berlin"]
[BlackTeam "vereinslos"]

1. e4 e5 2. Nf3 Nc6 3. d4 exd4 4. Bc4 Be7 5. Nxd4 Ne5 6. Be2 Nf6 7. f4 Ng6 8.
e5 Nd5 9. O-O O-O 10. c4 Nb4 11. a3 Nc6 12. Nf5 Bc5+ 13. Be3 Bxe3+ 14. Nxe3 f6
15. exf6 Qxf6 16. Nc3 Nxf4 17. Ned5 Qg5 18. Nxf4 Rxf4 19. Rxf4 Qxf4 20. Qd5+
Qf7 21. Rf1 Qxd5 22. Nxd5 d6 23. Nxc7 Rb8 24. Nb5 Be6 25. Nxd6 Nd4 26. Bd3 b6
27. Rf4 Nb3 28. Bc2 Rd8 29. Nf5 Bxf5 30. Bxf5 Rd1+ 31. Kf2 Rd2+ 32. Ke3 Rxb2
33. Be6+ Kh8 34. Rf8# 1-0

[Event "Lichtenberger Sommer 2016"]
[Site "?"]
[Date "2016.08.13"]
[Round "1.40"]
[White "Schilly, Hans-Joachim"]
[Black "Brümmel, Arend"]
[Result "0-1"]
[WhiteElo "1804"]
[BlackElo "2152"]
[PlyCount "156"]
[EventDate "2016.??.??"]
[WhiteTeam "SF Siemensstadt"]
[BlackTeam "Stader SV"]

1. c4 e5 2. Nc3 Nc6 3. Nf3 g6 4. e4 Bg7 5. Be2 d6 6. O-O Nge7 7. Rb1 O-O 8. b3
f5 9. d3 h6 10. Bb2 g5 11. exf5 Bxf5 12. Ne4 Qd7 13. Rc1 Bg6 14. Nfd2 Nf5 15.
Bg4 Qf7 16. Nb1 Nh4 17. Ng3 Nb4 18. d4 Nd3 19. Rc2 exd4 20. Rd2 Ne5 21. Bxd4
Nxg4 22. Bxg7 Ne3 23. fxe3 Qxg7 24. Rd4 Qe5 25. e4 Rxf1+ 26. Kxf1 Rf8+ 27. Kg1
Qc5 28. Nc3 Qe5 29. Nd5 Rf7 30. Qd2 c5 31. Rd3 Bxe4 32. Nxe4 Qxe4 33. Re3 Qg4
34. Re8+ Kh7 35. Qd3+ Kg7 36. Qc3+ Kg6 37. Qc2+ Kg7 38. Qc3+ Qd4+ 39. Qxd4+
cxd4 40. Re4 Nf5 41. h3 Ng3 42. Re7 Rxe7 43. Nxe7 Kf6 44. Nd5+ Ke5 45. Kf2 Ne4+
46. Ke1 Nc3 47. Nb4 Kf4 48. Kd2 Kg3 49. Nc2 Kxg2 50. Nxd4 Nxa2 51. Nf5 h5 52.
h4 gxh4 53. Nxh4+ Kf2 54. Nf5 Nb4 55. Nxd6 h4 56. Ne4+ Kf3 57. Ng5+ Kf4 58.
Nh3+ Kg3 59. Ng1 Nc6 60. Ke1 Na5 61. Ne2+ Kg2 62. Nf4+ Kh2 63. Kf2 Nxb3 64. Ng2
Kh3 65. Nf4+ Kg4 66. Nd3 Nd2 67. c5 Ne4+ 68. Kg2 a5 69. Ne5+ Kf4 70. c6 bxc6
71. Nxc6 a4 72. Nb4 Kg4 73. Nc2 Ng5 74. Ne3+ Kf4 75. Nd5+ Kf5 76. Ne3+ Ke4 77.
Nc2 Kd3 78. Na3 Kc3 0-1

[Event "Lichtenberger Sommer 2016"]
[Site "?"]
[Date "2016.08.13"]
[Round "1.41"]
[White "Gallien, Fabian"]
[Black "Milare, Tyron"]
[Result "1/2-1/2"]
[WhiteElo "2146"]
[BlackElo "1788"]
[PlyCount "94"]
[EventDate "2016.??.??"]
[WhiteTeam "SW Lichtenrade"]
[BlackTeam "Potsdamer SV"]

1. d4 Nf6 2. Bg5 d5 3. Bxf6 exf6 4. e3 Be7 5. g3 c6 6. Bg2 O-O 7. Ne2 Bf5 8.
O-O Qd7 9. Re1 Na6 10. a3 Bd6 11. Nd2 Nc7 12. c4 dxc4 13. Nxc4 Be6 14. Nxd6
Qxd6 15. Nf4 Nd5 16. Nd3 f5 17. Rc1 Rfe8 18. Qc2 Rac8 19. Nc5 b6 20. Nd3 f6 21.
b4 g6 22. Qd2 Bf7 23. Rc2 Re7 24. Rec1 Rec7 25. Bf1 Ne7 26. Qc3 Bd5 27. Rd2 Kg7
28. Qb2 Be4 29. Ne1 Bd5 30. Bc4 Qe6 31. Rdc2 Qd6 32. Bxd5 cxd5 33. Nd3 Kf7 34.
Qb3 Rxc2 35. Rxc2 Rxc2 36. Qxc2 Qc6 37. Qxc6 Nxc6 38. Nf4 Ne7 39. Kf1 g5 40.
Ne2 Ke6 41. Nc3 a6 42. Ke2 Nc8 43. Na4 Kd6 44. Kf3 h5 45. Nc3 Ke6 46. a4 Nd6
47. b5 a5 1/2-1/2

[Event "Lichtenberger Sommer 2016"]
[Site "?"]
[Date "2016.08.13"]
[Round "1.42"]
[White "Günther, Boris"]
[Black "Stark, Ingo"]
[Result "0-1"]
[WhiteElo "1693"]
[BlackElo "2183"]
[PlyCount "48"]
[EventDate "2016.??.??"]
[WhiteTeam "SF Friedrichshagen"]
[BlackTeam "TSG Oberschöneweide"]

1. d4 b5 2. a4 b4 3. c3 e6 4. Bd2 a5 5. Nf3 Nf6 6. g3 Bb7 7. Bg2 Na6 8. O-O Be7
9. cxb4 Nxb4 10. Nc3 c5 11. dxc5 Bxc5 12. Rc1 Qb6 13. h3 h6 14. Ne5 Bxg2 15.
Kxg2 O-O 16. Be1 Rfc8 17. f3 Bd4 18. Bf2 Bxf2 19. Rxf2 Nbd5 20. Nxd5 Nxd5 21.
Rxc8+ Rxc8 22. Qd2 Rc2 23. Qd3 Ne3+ 24. Kh2 d6 0-1

[Event "Lichtenberger Sommer 2016"]
[Site "?"]
[Date "2016.08.13"]
[Round "1.43"]
[White "Roth, Josef"]
[Black "Schneider, Eckehard"]
[Result "1-0"]
[WhiteElo "2091"]
[BlackElo "1800"]
[PlyCount "65"]
[EventDate "2016.??.??"]
[WhiteTeam "SK König Tegel"]
[BlackTeam "SF 1903 Berlin"]

1. e4 e6 2. d4 d5 3. Nc3 Nf6 4. Bg5 Bb4 5. e5 h6 6. Be3 Ne4 7. Qg4 g6 8. a3
Bxc3+ 9. bxc3 c5 10. Bd3 Qa5 11. Ne2 cxd4 12. Bxd4 Nc6 13. O-O Nxd4 14. cxd4 h5
15. Qf4 Qd2 16. Qf3 Bd7 17. Rad1 Qg5 18. Nf4 Nc3 19. Ra1 O-O 20. g3 Rac8 21. h4
Qd8 22. a4 Bxa4 23. Nxh5 gxh5 24. Qxh5 Ne4 25. Rxa4 Rc7 26. f3 f5 27. fxe4 fxe4
28. Be2 Rg7 29. Kh2 Qc7 30. Rxf8+ Kxf8 31. Qh8+ Rg8 32. Qf6+ Qf7 33. Qxf7+ 1-0

[Event "Lichtenberger Sommer 2016"]
[Site "?"]
[Date "2016.08.13"]
[Round "1.44"]
[White "Engelhardt, Erhard"]
[Black "Schliebener, Stephan"]
[Result "0-1"]
[WhiteElo "1754"]
[BlackElo "2207"]
[PlyCount "52"]
[EventDate "2016.??.??"]
[WhiteTeam "SSV Rotation Berlin"]
[BlackTeam "BSV 63 Chemie Weißensee"]

1. f4 c5 2. b3 Nf6 3. Nf3 g6 4. Bb2 Bg7 5. e3 d6 6. Be2 O-O 7. O-O Nbd7 8. c4
e5 9. fxe5 Ng4 10. h3 Ngxe5 11. d4 Nc6 12. Nc3 Re8 13. d5 Nce5 14. Qd2 Bh6 15.
Nd1 Qe7 16. Qc3 Bg7 17. Kh1 f5 18. Qc2 a6 19. Rb1 b6 20. Bd3 Nf6 21. Bc1 Nh5
22. Kh2 Nxd3 23. Qxd3 f4 24. e4 Qxe4 25. Nf2 Qxd3 26. Nxd3 Bf5 0-1

[Event "Lichtenberger Sommer 2016"]
[Site "?"]
[Date "2016.08.13"]
[Round "1.45"]
[White "Schulz, Michael"]
[Black "Ollek, Karl-Heinz"]
[Result "1-0"]
[WhiteElo "2120"]
[BlackElo "1739"]
[PlyCount "44"]
[EventDate "2016.??.??"]
[WhiteTeam "SC Zitadelle Spandau"]
[BlackTeam "SC Friesen Lichtenberg"]

1. d4 d5 2. Bg5 Nc6 3. e3 h6 4. Bh4 g5 5. Bg3 Bg7 6. h4 Bf5 7. hxg5 Qd7 8. gxh6
Nxh6 9. Nf3 O-O-O 10. c3 Kb8 11. Nbd2 Rde8 12. Bb5 Ng4 13. Rg1 e5 14. dxe5
Ngxe5 15. Nxe5 Bxe5 16. Bxe5 Rxe5 17. Nf3 Ree8 18. Nd4 a6 19. Nxc6+ bxc6 20.
Bxa6 Ka7 21. Qa4 Ra8 22. Bc8+ Kb8 1-0

[Event "Lichtenberger Sommer 2016"]
[Site "?"]
[Date "2016.08.13"]
[Round "1.46"]
[White "Wölfert, Jürgen"]
[Black "Neumann, Thomas"]
[Result "1-0"]
[WhiteElo "1834"]
[BlackElo "2151"]
[PlyCount "77"]
[EventDate "2016.??.??"]
[WhiteTeam "BSC Rehberge"]
[BlackTeam "Borussia Friedrichsfelde"]

1. c4 e6 2. g3 d5 3. Bg2 c6 4. Nf3 f5 5. O-O Nf6 6. b3 Nbd7 7. Bb2 Bc5 8. e3
O-O 9. d3 Qe7 10. a3 dxc4 11. bxc4 e5 12. d4 Bd6 13. Qb3 c5 14. Nxe5 Nxe5 15.
dxe5 Bxe5 16. Nc3 Rb8 17. Rad1 Kh8 18. Rd3 Be6 19. Rfd1 b5 20. Nxb5 Bxb2 21.
Rd6 Be5 22. Ra6 Ne4 23. f4 Nc3 24. a4 Nxb5 25. axb5 Bf6 26. Rdd6 Bf7 27. Qa3
Rfc8 28. Bd5 Bxd5 29. Rxd5 Qe4 30. Qb3 Rd8 31. Rc6 Rxd5 32. cxd5 Bd8 33. Re6
Bb6 34. Rxe4 fxe4 35. Qc4 Re8 36. Kf2 g6 37. Qc3+ Kg8 38. Qf6 c4 39. Qc6 1-0

[Event "Lichtenberger Sommer 2016"]
[Site "?"]
[Date "2016.08.13"]
[Round "1.47"]
[White "Jahn, Thomas"]
[Black "Weber, Gerald"]
[Result "1-0"]
[WhiteElo "2195"]
[BlackElo "1609"]
[PlyCount "49"]
[EventDate "2016.??.??"]
[WhiteTeam "SV Empor Berlin"]
[BlackTeam "SSV Rotation Berlin"]

1. e4 c6 2. d4 d5 3. Nc3 dxe4 4. Nxe4 Nd7 5. Nf3 Ngf6 6. Nxf6+ Nxf6 7. c3 Bg4
8. h3 Bxf3 9. Qxf3 e6 10. Bd3 h6 11. O-O Bd6 12. a4 O-O 13. a5 Qc7 14. Bxh6 Be7
15. Bf4 Qd7 16. Be5 Nh7 17. Rfe1 f6 18. Bf4 Bd6 19. Bb1 Bxf4 20. Qxf4 Rfe8 21.
Qh4 g5 22. Qh6 f5 23. Ba2 Nf8 24. Qxg5+ Qg7 25. Qxf5 1-0

[Event "Lichtenberger Sommer 2016"]
[Site "?"]
[Date "2016.08.13"]
[Round "1.49"]
[White "Stiemerling, Wilfried"]
[Black "Maple, Shawn"]
[Result "1-0"]
[WhiteElo "2117"]
[BlackElo "1726"]
[PlyCount "89"]
[EventDate "2016.??.??"]
[WhiteTeam "BSG Pneumant Fürstenwalde"]
[BlackTeam "Königsjäger Süd-West"]

1. Nf3 d5 2. b3 Bf5 3. Bb2 e6 4. e3 a6 5. Be2 Nf6 6. O-O Be7 7. d3 Nc6 8. Nbd2
h6 9. Re1 O-O 10. a3 Bd6 11. c4 Re8 12. d4 Nb8 13. c5 Be7 14. b4 c6 15. a4 Nbd7
16. Nb3 Qb8 17. h3 Bd8 18. b5 Ne4 19. Qc1 Nf8 20. Bc3 Nxc3 21. Qxc3 Nh7 22. Bd3
Bxd3 23. Qxd3 Nf6 24. Reb1 Qc7 25. Nbd2 Nd7 26. Qb3 Bf6 27. Ra2 Rab8 28. Rc2 e5
29. dxe5 Bxe5 30. Rbc1 Bf6 31. Nd4 Bxd4 32. exd4 Re2 33. Nf3 Rbe8 34. Rxe2 Rxe2
35. bxa6 bxa6 36. Qd3 Qf4 37. Rb1 Qe4 38. Qb3 g5 39. Rf1 g4 40. hxg4 Qxg4 41.
Qb7 Nf6 42. Qxc6 Nh5 43. Qxh6 Re4 44. Rb1 Re8 45. Qg5+ 1-0

[Event "Lichtenberger Sommer 2016"]
[Site "?"]
[Date "2016.08.13"]
[Round "1.50"]
[White "Bahr, Arne"]
[Black "Böhm, Uwe"]
[Result "0-1"]
[WhiteElo "1646"]
[BlackElo "2138"]
[PlyCount "74"]
[EventDate "2016.??.??"]
[WhiteTeam "SG Turm Kiel"]
[BlackTeam "SK Siemens München"]

1. f4 d5 2. b3 Bg4 3. h3 Bh5 4. g4 Bg6 5. Nf3 e6 6. Bb2 Nd7 7. Bg2 h5 8. g5 h4
9. d3 Ne7 10. Nbd2 Nf5 11. Nf1 Bb4+ 12. Kf2 c6 13. e3 Qb6 14. a3 Bd6 15. Qd2
Bxf4 16. Ke2 Bd6 17. e4 dxe4 18. dxe4 Ng3+ 19. Nxg3 Bxg3 20. Bd4 Qb5+ 21. Qd3
Bxe4 22. Qxb5 cxb5 23. Bxg7 Rg8 24. Bd4 a6 25. Ke3 Bd5 26. Rhd1 Rc8 27. Rd2 Rc7
28. Ng1 Bxg2 29. Rxg2 Rxg5 30. Ne2 e5 31. Bc3 f5 32. Be1 f4+ 33. Kf3 Nf6 34.
Bxg3 hxg3 35. Re1 Kf7 36. Nc1 Rc3+ 37. Nd3 Rf5 0-1

[Event "Lichtenberger Sommer 2016"]
[Site "?"]
[Date "2016.08.13"]
[Round "1.51"]
[White "Kather, Yannick"]
[Black "Udet, Fabian"]
[Result "1-0"]
[WhiteElo "2037"]
[BlackElo "1663"]
[PlyCount "55"]
[EventDate "2016.??.??"]
[WhiteTeam "SC Weisse Dame (Berlin)"]
[BlackTeam "1. SC Anhalt"]

1. e4 c5 2. c3 d5 3. exd5 Qxd5 4. d4 cxd4 5. cxd4 Nc6 6. Nf3 e5 7. Nc3 Bb4 8.
Bd2 Bxc3 9. Bxc3 Bg4 10. dxe5 O-O-O 11. Qxd5 Rxd5 12. Be2 Nh6 13. O-O Re8 14.
h3 Bf5 15. Rfd1 Rxd1+ 16. Rxd1 f6 17. Bb5 Be4 18. Nd2 Rd8 19. exf6 gxf6 20. Rc1
f5 21. Nxe4 fxe4 22. Re1 Nd4 23. Ba4 Nhf5 24. Rxe4 b5 25. Bd1 Nc6 26. Bg4 Rf8
27. Rf4 Nce7 28. Bb4 1-0

[Event "Lichtenberger Sommer 2016"]
[Site "?"]
[Date "2016.08.13"]
[Round "1.52"]
[White "Pöcheim, Stephan"]
[Black "Federau, Jürgen"]
[Result "0-1"]
[WhiteElo "1716"]
[BlackElo "2094"]
[PlyCount "122"]
[EventDate "2016.??.??"]
[WhiteTeam "SF 1903 Berlin"]
[BlackTeam "SC Kreuzberg"]

1. Nf3 d5 2. d4 Nf6 3. Bg5 Ne4 4. Bh4 c5 5. e3 Qb6 6. dxc5 Qxb2 7. Qd4 Qc1+ 8.
Qd1 Qxd1+ 9. Kxd1 e6 10. Bd3 Nxc5 11. Nc3 Be7 12. Bxe7 Kxe7 13. Nb5 Nc6 14.
Nbd4 Bd7 15. Nxc6+ Bxc6 16. Nd4 Rac8 17. Kd2 Ba4 18. Nb3 Nd7 19. Rab1 Rc7 20.
Rhc1 Rhc8 21. Nd4 Nc5 22. c3 g6 23. f3 Be8 24. Bb5 a6 25. Bxe8 Kxe8 26. Ne2 b5
27. g4 e5 28. g5 Ke7 29. Rb4 f6 30. gxf6+ Kxf6 31. Rh4 Ke6 32. f4 Ne4+ 33. Kd3
exf4 34. Rxf4 Rc4 35. h4 Nc5+ 36. Kd2 Rxf4 37. Nxf4+ Kd6 38. Ne2 Rf8 39. Nf4
Ne4+ 40. Kd3 Rc8 41. Ne2 Rc4 42. Rf1 Nc5+ 43. Kd2 Rxh4 44. Rf8 Ra4 45. Rd8+ Ke7
46. Rxd5 Rxa2+ 47. Kd1 Ne6 48. Nd4 Nxd4 49. exd4 h6 50. Rc5 Kd6 51. Re5 g5 52.
Rf5 g4 53. Rf6+ Kd5 54. Rxh6 g3 55. Rh5+ Kc4 56. Rg5 g2 57. Ke1 a5 58. d5 g1=Q+
59. Rxg1 Ra1+ 60. Kf2 Rxg1 61. Kxg1 Kxd5 0-1